MDQL
is popping MORE tags! Check the
thread
!
Quizzes
Events
Quiz Creation
Community
Videos
Private Events
Remove Ads
Sign In
Join for FREE
Feedback
Dark Mode
Quiz Categories
Sports
Geography
Music
Movies
Television
Just For Fun
Miscellaneous
History
Literature
Language
Science
Gaming
Entertainment
Religion
Holiday
For Kids
Quiz Lab
Recent
Popular Today
Quiz Kudos Today
Editor Picks
Curator Picks
Quizzes by...
Day
Popularity
Type
Ratings
Length
Year
Community
Subscriptions
Recent Discussions
Orange Saloon
Badges
Playlists
Quests
Create
Leaderboards
Showdown
Live 5
Trivia Bingo
Activity
Puzzle Library
Sporcle Events
Private Events
Virtual Trivia
Globe League
Become a Host
Pub Owners
SporcleCon
Opinionation
Our Games
Videos
Blog
Mobile Apps
Partnerships
Remove Ads and Go Orange
Feedback
Just For Fun
Clickable
Get the Picture
Humor
Quick Pick
Word Ladder
Missing Word
Mixed Word
Blitz
Minefield
This or That
Alphabet
Color
Typing
Sporcle
Puzzle
Word Play
Follow That Line
Logic
Just For Fun
Clickable
Get the Picture
Humor
Quick Pick
Word Ladder
Missing Word
Mixed Word
Blitz
Minefield
This or That
Alphabet
Color
Typing
Sporcle
Puzzle
Word Play
Follow That Line
Logic
Random Quiz
Search Sporcle
×
Quiz Lab
Quiz Lab
Just For Fun
fire
Type in answers that appear in a list
Type in answers that appear in a list
Classic
Best Score? Go Orange.
Quickfire bonanza Stats
20 Questions. 60 Seconds. Are you quick enough?
By
Shavez7
60s
20 Questions
80 Plays
80 Plays
80 Plays
Comments
Comments
Give Quiz Kudos
Give Quiz Kudos
-
- Ratings
hide this ad
Replay
Link that replays current quiz
Next Quiz
Link to next quiz in quiz playlist
You Got
0%
They Got
Avg Score
64%
Avg Friend Score
Upgrade to see
Score Distribution
Jump to the score distribution portion of the page
Score
0/20
Timer
01:00
0
Plays Today
Hint
Answer
% Correct
Name a colour
Red
100%
Name a planet beginning with M?
Mars
98.8%
The Shawshank _
_
_
_
_
_
_
.
Redemption
92.5%
Which political party is Jeremy Corbyn the leader of?
Labour
78.8%
What company's logo has a tick?
Nike
77.5%
What is Obama's wife's first name?
Michelle
77.5%
Messi or Ronaldo?
Ronaldo
77.5%
What channel is Britains Got Talent shown on?
ITV
72.5%
Which country was the 2014 world cup held in?
Brazil
67.5%
What year will it be in 17 years?
2034
61.3%
Hint
Answer
% Correct
Chris _
_
_
_
_
_
_
_
?
Pratt
60%
What colour is the sky on a sunny day?
Blue
60%
The most famous tennis grand slam that takes place in the Uk?
Wimbledon
58.8%
Are you quick?
Yes
52.5%
What countries national team(rugby) does the haka
New Zealand
51.3%
What year did World War 2 end?
1945
47.5%
Cloudy with a chance of _
_
_
_
_
Meatballs
42.5%
Who hosts the late late show and A league of their own?
James Corden
40%
What is Watford Football Clubs stadium called?
Vicarage Road
36.3%
A word without a vowel?
Sphynx
36.3%
Quiz Playlist
Details
Report
Send in Message
Add To Playlist
Classic:
Type in answers that appear in a list
Last Updated: Jun 14, 2017
Quiz Scoreboard
CHALLENGE
Sign Up to Join the Scoreboard
Show All
Scores
Hide
Comments
May contain spoilers
Recently Published
Image Sorting: Flags VI
by Barbecue
Geography
2m
Find the 'City' Movie
by crazypaving
Movies
60s
5x2 Blitz: Bands
by SL_Kpop136
Music
30s
More to Explore
Quiz From the Vault
Featured Blog Post
14 Easter Pick-up Lines to Find Eggs With
hide this ad
You Might Also Like...
Tags
Bonanza
enough
fire
Quick
Today's Top Quizzes in Just For Fun
Browse Just For Fun
hide this ad
Today's Top Quizzes in fire
Browse fire
Top Contributed Quizzes in Just For Fun
1
Name Just One - 10 to 1: Just For Fun
2
Avatar the Last Airbender: Logic Puzzle
3
Missing Word: 2-Letter A-Z II
4
Missing Letter Whitney Houston Songs
5
It's Magic / Witchcraft 🎩🪄🧙♀️
6
Survivor Winners Logic Puzzle
7
Missing Word: 'Of' Things A-Z
8
01-36 Logic Puzzle I
9
Quick 5-Color Logic (18)
10
Shadowhunters Protagonists Logic Quiz
Explore More
Trending Topics
Harry Potter
Kpop
Crossword
NBA
Anime
Marvel
Disney
The Office
Puzzle
NFL
Pokémon
Soccer
Song
Country
WWE
hide this ad
More By:
Shavez7
Quiz
Plays
Rating
Category
Featured
Created
The impossible Quiz Multiple Choice
241
Miscellaneous
Jun 15, 2017
Quickfire bonanza
80
Just For Fun
Jun 14, 2017
Hardcore Knowledge
38
Miscellaneous
Jun 13, 2017
Softcore Knowledge
30
Miscellaneous
Jun 13, 2017
Get Good Friends
11
Miscellaneous
Jun 14, 2017
Go to Creator's Profile
Score Distribution
Quiz Creator Spotlight
Shavez7
Follow
Send a Message
Quizzes Created
-
Created Quiz Play Count
-
More By This Creator
Popular Quizzes Today
1
Colored Red Africa Blitz
2
Find the US States - No Outlines Minefield
3
Find the 'City' Movie
4
5x2 Blitz: Bands
5
The Countries of the World
6
Find the US States
7
Find the Countries of Europe - No Outlines Minefield
8
US States
More Just For Fun Quizzes
Bridges (Dense Fog) - 81
Quiz Lab
Trending Quizzes
Colored Red Europe Blitz I
Colored Red Europe Blitz II
Colored Red Africa Blitz II
Colored Red Europe Blitz III
Colored Red Africa Blitz III
Recently Updated
How Do You Spell That?
pecheneg
Godzilla Movies
pecheneg
Grab Bag: 4-10 Letters
pecheneg
2024 March Madness Bracket
pecheneg
Famous TV Couples
Peacemaker
Champions League XIs: Real Madrid
pecheneg
Largest US Cities 1790-2010
pecheneg
Rides in Walt Disney World
pecheneg
Most Oscar Losses (Acting)
pecheneg
Beyoncé Albums
pecheneg
Trending Topics
Disney
Anime
Harry Potter
Marvel
NBA
Crossword
Kpop
Puzzle
The Office
Song
Pokémon
Country
WWE
Soccer
NFL
Your Account Isn't Verified!
In order to create a playlist on Sporcle, you need to verify the email address you used during registration. Go to your
Sporcle Settings
to finish the process.
Report this User
Report this user for behavior that violates our
Community Guidelines
.
Details:
Send Report
Go to the Sporcle.com Mobile Site →
Comments